<?xml version="1.0" encoding="UTF-8"?>
<record
    xmlns:xsi="http://www.w3.org/2001/XMLSchema-instance"
    xsi:schemaLocation="http://www.loc.gov/MARC21/slim http://www.loc.gov/standards/marcxml/schema/MARC21slim.xsd"
    xmlns="http://www.loc.gov/MARC21/slim">

  <leader>00493nam a22001457a 4500</leader>
  <controlfield tag="008">140917b        xxu||||| |||| 00| 0 eng d</controlfield>
  <datafield tag="020" ind1=" " ind2=" ">
    <subfield code="a">9964960883</subfield>
  </datafield>
  <datafield tag="050" ind1=" " ind2=" ">
    <subfield code="a">KRX4604.3196.M46</subfield>
  </datafield>
  <datafield tag="100" ind1=" " ind2=" ">
    <subfield code="a">Mensa-Bonsu, Henrietta J.A.N.</subfield>
  </datafield>
  <datafield tag="245" ind1=" " ind2=" ">
    <subfield code="a">Criminal law series: the annotated criminal and other offences(procedure) act of Ghana(act 30, act 653). /</subfield>
    <subfield code="c">Henrietta J.A.N. Mensa-Bonsu</subfield>
  </datafield>
  <datafield tag="250" ind1=" " ind2=" ">
    <subfield code="a">3rd ed.</subfield>
  </datafield>
  <datafield tag="260" ind1=" " ind2=" ">
    <subfield code="a">Accra:</subfield>
    <subfield code="b">Black Mask,</subfield>
    <subfield code="c">2009.</subfield>
  </datafield>
  <datafield tag="300" ind1=" " ind2=" ">
    <subfield code="a">xxxiv, 331p.</subfield>
    <subfield code="c">21cm.</subfield>
  </datafield>
  <datafield tag="942" ind1=" " ind2=" ">
    <subfield code="2">lcc</subfield>
    <subfield code="c">BK</subfield>
  </datafield>
  <datafield tag="999" ind1=" " ind2=" ">
    <subfield code="c">4909</subfield>
    <subfield code="d">12409</subfield>
  </datafield>
  <datafield tag="952" ind1=" " ind2=" ">
    <subfield code="0">0</subfield>
    <subfield code="1">0</subfield>
    <subfield code="2">lcc</subfield>
    <subfield code="4">0</subfield>
    <subfield code="7">0</subfield>
    <subfield code="a">WIUC-1</subfield>
    <subfield code="b">WIUC-1</subfield>
    <subfield code="c">LL</subfield>
    <subfield code="d">2014-09-17</subfield>
    <subfield code="l">0</subfield>
    <subfield code="o">KRX4604.3196.M46</subfield>
    <subfield code="p">150/13</subfield>
    <subfield code="r">2014-09-17 00:00:00</subfield>
    <subfield code="t">1</subfield>
    <subfield code="w">2014-09-17</subfield>
    <subfield code="y">BK</subfield>
  </datafield>
  <datafield tag="952" ind1=" " ind2=" ">
    <subfield code="0">0</subfield>
    <subfield code="1">0</subfield>
    <subfield code="2">lcc</subfield>
    <subfield code="4">0</subfield>
    <subfield code="7">0</subfield>
    <subfield code="a">WIUC-1</subfield>
    <subfield code="b">WIUC-1</subfield>
    <subfield code="c">LL</subfield>
    <subfield code="d">2014-09-17</subfield>
    <subfield code="l">0</subfield>
    <subfield code="o">KRX4604.3196.M461</subfield>
    <subfield code="p">151/13</subfield>
    <subfield code="r">2014-09-17 00:00:00</subfield>
    <subfield code="t">2</subfield>
    <subfield code="w">2014-09-17</subfield>
    <subfield code="y">BK</subfield>
  </datafield>
  <datafield tag="952" ind1=" " ind2=" ">
    <subfield code="0">0</subfield>
    <subfield code="1">0</subfield>
    <subfield code="2">lcc</subfield>
    <subfield code="4">0</subfield>
    <subfield code="7">0</subfield>
    <subfield code="a">WIUC-1</subfield>
    <subfield code="b">WIUC-1</subfield>
    <subfield code="c">LL</subfield>
    <subfield code="d">2015-06-11</subfield>
    <subfield code="l">0</subfield>
    <subfield code="o">KRX4604.3196.M462</subfield>
    <subfield code="p">2559/1556/15</subfield>
    <subfield code="r">2015-06-11 00:00:00</subfield>
    <subfield code="t">3</subfield>
    <subfield code="w">2015-06-11</subfield>
    <subfield code="y">BK</subfield>
  </datafield>
  <datafield tag="952" ind1=" " ind2=" ">
    <subfield code="0">0</subfield>
    <subfield code="1">0</subfield>
    <subfield code="2">lcc</subfield>
    <subfield code="4">0</subfield>
    <subfield code="7">0</subfield>
    <subfield code="a">WIUC-KL</subfield>
    <subfield code="b">WIUC-KL</subfield>
    <subfield code="c">LL</subfield>
    <subfield code="d">2019-08-21</subfield>
    <subfield code="o">KRX4604.3196.M46(3e)</subfield>
    <subfield code="p">KSL/056/19</subfield>
    <subfield code="r">2021-06-02 00:00:00</subfield>
    <subfield code="t">1</subfield>
    <subfield code="y">BK</subfield>
  </datafield>
  <datafield tag="952" ind1=" " ind2=" ">
    <subfield code="0">0</subfield>
    <subfield code="1">0</subfield>
    <subfield code="2">lcc</subfield>
    <subfield code="4">0</subfield>
    <subfield code="7">0</subfield>
    <subfield code="a">WIUC-KL</subfield>
    <subfield code="b">WIUC-KL</subfield>
    <subfield code="c">LL</subfield>
    <subfield code="d">2019-08-21</subfield>
    <subfield code="o">KRX4604.3196.M461(3e)</subfield>
    <subfield code="p">KSL/057/19</subfield>
    <subfield code="r">2021-06-02 00:00:00</subfield>
    <subfield code="t">2</subfield>
    <subfield code="y">BK</subfield>
  </datafield>
  <datafield tag="952" ind1=" " ind2=" ">
    <subfield code="0">0</subfield>
    <subfield code="1">0</subfield>
    <subfield code="2">lcc</subfield>
    <subfield code="4">0</subfield>
    <subfield code="7">0</subfield>
    <subfield code="8">NFIC</subfield>
    <subfield code="a">WIUC-1</subfield>
    <subfield code="b">WIUC-1</subfield>
    <subfield code="c">REF LAW SECTION</subfield>
    <subfield code="d">2024-07-04</subfield>
    <subfield code="l">0</subfield>
    <subfield code="o">KRX4604.M3196.M46(3e)</subfield>
    <subfield code="p">109/109/24</subfield>
    <subfield code="r">2024-07-04 00:00:00</subfield>
    <subfield code="t">1</subfield>
    <subfield code="w">2024-07-04</subfield>
    <subfield code="y">BK</subfield>
  </datafield>
  <datafield tag="952" ind1=" " ind2=" ">
    <subfield code="0">0</subfield>
    <subfield code="1">0</subfield>
    <subfield code="2">ddc</subfield>
    <subfield code="4">0</subfield>
    <subfield code="7">0</subfield>
    <subfield code="a">WIUC-1</subfield>
    <subfield code="b">WIUC-1</subfield>
    <subfield code="c">REF LAW SECTION</subfield>
    <subfield code="d">2024-07-04</subfield>
    <subfield code="l">0</subfield>
    <subfield code="o">KRX4604.M3196.M461(3e)</subfield>
    <subfield code="p">110/110/24</subfield>
    <subfield code="r">2024-07-04 00:00:00</subfield>
    <subfield code="t">2</subfield>
    <subfield code="w">2024-07-04</subfield>
    <subfield code="y">BK</subfield>
  </datafield>
  <datafield tag="952" ind1=" " ind2=" ">
    <subfield code="0">0</subfield>
    <subfield code="1">0</subfield>
    <subfield code="2">lcc</subfield>
    <subfield code="4">0</subfield>
    <subfield code="7">0</subfield>
    <subfield code="a">WIUC-1</subfield>
    <subfield code="b">WIUC-1</subfield>
    <subfield code="c">REF LAW SECTION</subfield>
    <subfield code="d">2024-07-04</subfield>
    <subfield code="l">0</subfield>
    <subfield code="o">KRX4604.M3196.M462(3e)</subfield>
    <subfield code="p">111/111/24</subfield>
    <subfield code="r">2024-07-04 00:00:00</subfield>
    <subfield code="t">3</subfield>
    <subfield code="w">2024-07-04</subfield>
    <subfield code="y">BK</subfield>
  </datafield>
</record>
